000 00361 a2200169 4500
001 171484
020 _a85-16-03099-7
040 _cMagnum
100 _aFurnari, Eva
240 1 0 _aO amigo da bruxinha
_lpor
245 1 0 _aO amigo da bruxinha
300 _a31
362 0 _a2002
440 1 _aModerna
697 _aLITERATURA INFANTO-JUVENIL
942 _cBK
999 _c171484
_d171484